Kaamelott - Le Grand Trombinoscope - Statistiques

Statistiques générales
  • Ce quiz a été pris 231 fois
  • Le résultat moyen est 59 sur 100
Statistiques - réponses
Hint Réponse % Correct
Merlin l'enchanteur
97%
Guenièvre
96%
La Dame du Lac
96%
Arthur Pendragon
95%
Lancelot du Lac
95%
Karadoc de Vannes
95%
Perceval de Galles
94%
Léodagan de Carmélide
94%
Père Blaise
94%
Bohort de Gaunes
93%
Kadoc
92%
Yvain le chevalier au lion
90%
Séli
88%
Le roi burgonde
88%
Venec le bandit
88%
Les jumelles du pêcheur
88%
Elias de Kelliwic’h
87%
Le duc d'Aquitaine
87%
Le maître d'armes
86%
Gauvain
86%
Loth d'Orcanie
84%
Demetra
83%
Attila
83%
Le tavernier
82%
Guethenoc le paysan
82%
Ygerne de Tintagel
81%
L'interprète burgonde
79%
La fée Morgane
78%
Grüdü le garde du corps
78%
Cryda de Tintagel
78%
Prisca la voyante
77%
Roparzh le paysan
77%
Cæsar Imperator
76%
Mevanwi
76%
Méléagant
75%
Calogrenant de Calédonie
75%
Caius Camilus
74%
Angharad
72%
La duchesse d'Aquitaine
71%
Goustan de Carmélide
70%
Boniface l'évêque
70%
Le répurgateur
69%
Le jurisconsulte
68%
Sven le Viking
68%
Fearmac le prisonnier
67%
Aconia Minor
67%
Kay le sonneur
66%
Buzit le barde
65%
Hervé de Rinel
65%
Nathair l'espion
65%
Lionel de Gaunes
64%
Azénor
62%
Galessin d'Orcanie
62%
L'Ankou
61%
Dagonet
61%
Ketchatar d'Irlande
60%
Le pêcheur
59%
Breccan l'artisan
58%
Le chef maure
54%
Madenn
53%
Belt le vigneron
53%
Herveig le porte-drapeau
53%
Narsès de Byzance
52%
Lucius Silius Sallustius
52%
Appius Manilius
51%
Hagop d’Arménie
48%
Hoël d'Armorique
47%
Anna de Tintagel
46%
Aélis
42%
Séfriane d'Aquitaine
42%
Anton
41%
Verinus
39%
Ferghus l'aide de camp
37%
Lan
36%
Titus Nepius Glaucia
34%
Helvia
34%
Ao Si Ka
31%
Publius Servius Capito
30%
Urgan l’assassin
29%
Jacca
29%
Julia
28%
Mamercus Flaccus Calvo
27%
Nonna
26%
Licina
26%
Mehben
25%
Pellinor
23%
Berlewen
22%
Numeria
22%
Torri l'intendante
22%
Aulus Milonius Procyon
20%
Spurius Cordius Frontinius
19%
Nessa
19%
Ulfin
18%
Robyn
17%
Marcus Oranius Lurco
16%
Vouga
15%
Lucius Falerius
14%
Manius Macrinus Firmus
13%
Meghan
13%
Tegeirian
8%
Aucun quiz correspondant
Distribution des résultats
% des personnes avec chaque résultat
Percentile par nombre de réponses
Votre historique - résultats
Vous n’avez pas pris ce quiz